Tối ưu máy phục vụ Windows 2000

Salvato in:
Dettagli Bibliografici
Natura: Sách giấy
Lingua:Vietnamese
Pubblicazione: Hà Nội : Thống kê, 2000
Tags: Aggiungi Tag
Nessun Tag, puoi essere il primo ad aggiungerne! !
Thư viện lưu trữ: Thư viện Trường Đại học Đà Lạt
LEADER 00508nam a2200229 4500
001 DLU020018692
005 ##10/1/2001
020 # # |a 978- 
041 # # |a vie 
082 # # |a 005.43  |b Toi 
245 # # |a Tối ưu máy phục vụ Windows 2000 
260 # # |a Hà Nội :  |b Thống kê,  |c 2000 
300 # # |a 920 tr.;   |c 21 cm. 
992 # # |a 83000 
994 # # |a DLU 
900 # # |a False 
911 # # |a Administrator 
925 # # |a G 
926 # # |a A 
927 # # |a SH 
980 # # |a Thư viện Trường Đại học Đà Lạt